Pazzo di Vincent

Uloženo v:
Podrobná bibliografie
Hlavní autor: Guibert Herve'
Médium: Kniha
Jazyk:neznámý jazyk
Vydáno: Roma Playground 2004
Tagy: Přidat tag
Žádné tagy, Buďte první, kdo vytvoří štítek k tomuto záznamu!

MARC

LEADER 00000nam a2200000Ia 4500
001 363
003 NUMERAZIONE-ORIGINALE-BRESCIA
005 20260206230752.0
008 260206s9999 xx 000 0 und d
100 |a Guibert Herve' 
245 0 |a Pazzo di Vincent 
260 |a Roma 
260 |b Playground 
260 |c 2004 
942 |2 ddc  |c BK  |n 0 
952 |0 0  |1 0  |2 ddc  |4 0  |6 22  |7 0  |9 28561  |a BS  |b BS  |d 2026-02-06  |i 363  |l 0  |o 2-2-*  |r 2026-02-06 22:40:37  |w 2026-02-06  |x [REVISIONARE]  |y BK 
999 |c 24226  |d 24226